000 01096nam a2200313 a 4500
001 000027257
003 DO-SdBNP
005 20201029113123.0
007 000027257
008 100805s2010 dr 001 p spa d
020 _a9789945404302
040 _aBPMSU
_bspa
_cBPMSU
082 _aRD861.4408
_bA111v
245 0 0 _aA viva Bosch :
_bcien poetas cantan a Juan Bosch en el centenario de su nacimiento /
_cpresentación William Mejía.
260 _aSanto Domingo :
_bEdiciones de Cultura,
_c2010.
300 _a224 p. ;
_c23 cm.
504 _aIncluye bibliografía y notas al pie de páginas.
600 1 4 _aBOSCH, JUAN,
_d1909-2001
_xPOESÍA
650 4 _aPOESÍA DOMINICANA
_xCOLECCIONES
650 4 _aLITERATURA DOMINICANA
700 1 _aMejía, William,
_dpresent.
910 _aValidado. Control de calidad EMS.
930 1 _lBND01
_mLF1
_hRD861.4408
_820110330
_f04
_pHD
942 _2ddc
_cBK
945 _aInventariado, 2017/MFF
956 _aTMEREDITH
_b10
_c20110330
_lBND01
_h1420
956 _aEMARRERO
_b40
_c20140322
_lBND01
_h2213
956 _aVMATEO
_b10
_c20150805
_lBPMSU
_h00151
999 _c8065
_d8065